Schreckliche Stadtschreibweisen, die von JetPunk akzeptiert werden #2 - Statistiken

Allgemein
  • Dieses Quiz wurde 73 mal gespielt
  • Das Durchschnittsergebnis liegt bei 15 aus 16
Antwortstatistiken
akzeptierte Schreibweise deutsche Großstadt % Korrekt
gelsinkirchin Gelsenkirchen
100%
manhem Mannheim
100%
moenchangladback Mönchengladbach
100%
weisbaden Wiesbaden
100%
wurzberg Würzburg
100%
beilafeld Bielefeld
98%
bruauansweieig Braunschweig
98%
geutersloh Gütersloh
98%
ludwigshavan Ludwigshafen
98%
munchin München
98%
oberhoooosin Oberhausen
95%
remshhiid Remscheid
94%
hiedleburg Heidelberg
92%
bergicchgladbach Bergisch Gladbach
91%
meullheim Mülheim
91%
retlingin Reutlingen
91%
Keine übereinstimmenden Quizze gefunden
Verteilung der Resultate
Anzahl Personen mit jedem Resultat
Perzentil nach korrekt beantworteten Fragen
Ihre Resultats-Entwicklung
Sie haben dieses Quiz noch nicht gespielt